000 00609nam a2200169 a 4500
001 BRCA_2110
005 20190320203655.0
008 120808s1991----mx-#---###---#000-0#spa-#
050 4 _aF1391.P8
_b.L43 52
_c1991
100 1 _aMeade de Angulo, Mercedes
_9281
245 1 0 _aHombres notables del Estado de Puebla
_cMercedes Meade de Angulo.
260 _aPuebla, México
_bGobierno del Estado de Puebla : Secretaría de Cultura : Comisión Puebla V Centenario
_c1991
300 _a36 p.
_c21 cm.
440 0 _aLecturas Históricas de Puebla
_n52
_96393
651 4 _aPuebla (México)
_xHistoria
_9409
942 _2lcc
_cB
999 _c1867
_d1867